| 000 | 01949cam a22004934i 4500 | ||
|---|---|---|---|
| 003 | PE-LiUPU | ||
| 005 | 20250731180112.0 | ||
| 008 | 150623s1975 bl a rb 000 0 d | ||
| 035 | _a(Sirsi) a24076 | ||
| 040 |
_aPE-LiUPU _bspa _cPE-LiUPU _erda |
||
| 082 | 0 | 4 |
_a532 _bV45 _221 |
| 100 | 1 |
_aVennard, John K., _eautor. |
|
| 245 | 1 | 0 |
_aElementos de mecanica dos fluidos / _cJohn K. Vennard. |
| 264 | 1 |
_aRio de Janeiro : _bGuanabara Dois, _c1975. |
|
| 300 |
_a687 páginas : _bilustraciones, gráficos ; _c23 cm. |
||
| 336 |
_atext _2rdacontent |
||
| 337 |
_aunmediated _2rdamedia |
||
| 338 |
_avolume _2rdacarrier |
||
| 504 | _aIncluye bibliografía. | ||
| 505 | 0 | _aFundamentos. -Estatica de fluidos. -Cinematica dedos fluidos. -Escoamento de um fluido ideal incompressivel. -Escoamento de um fluido ideal compressivel. -Principio do impulso-quantidade de movimento. -Escoamento de um fluido real. -Similaridade e analise dimensional. -Escoamento de fluidos em tubos. -Escoamento de liquidos em canais abiertos. -Medidas de fluidos. -Hidrodinamica elementar. -Escoamentop de fluidos em torno de objetos submersos. | |
| 526 | _aSEG44 | ||
| 526 | _aSEG26 | ||
| 526 | _aP159 | ||
| 526 | _aP155 | ||
| 526 | _aP154 | ||
| 526 | _aP153 | ||
| 526 | _aP150 | ||
| 526 | _aP100 | ||
| 526 | _aP31 | ||
| 526 | _aP30 | ||
| 526 | _aP26 | ||
| 526 | _aP25 | ||
| 526 | _aP24 | ||
| 526 | _aP22 | ||
| 526 | _aP15 | ||
| 526 | _aP10 | ||
| 650 | 0 | 4 | _aMecánica de fluidos. |
| 700 | 1 | _aStreet, Robert L. | |
| 942 |
_2ddc _cBOOK |
||
| 949 |
_a532 V45 _wDEWEY _c1 _i48334 _lCCODEBUL1 _mBUL _p00.00 _r0 _sY _tBOOK _u2015-06-24 _xINGENIERIA _zUNKNOWN _0COMPRA _o.STAFF. Colección General |
||
| 596 | _a1 | ||
| 999 |
_a532 V45 _wDEWEY _c26444 _i48334 _d26444 _f2021-11-9 _g7 _lCCODEBUL1 _mBUL _p50.00 _q2 _r0 _sY _tBOOK _u2015-6-24 _xINGENIERIA _zUNKNOWN _0COMPRA _o.STAFF. Colección Ingeniería y Arquitectura |
||
| 980 |
_81 _gALBERTO SANCHEZ Responsable de Automatización |
||